| 000 | 00753nam a2200241Ia 4500 | ||
|---|---|---|---|
| 003 | OSt | ||
| 005 | 20220926021553.0 | ||
| 006 | a|||||r|||| 00| 0 | ||
| 007 | ta | ||
| 008 | 220923b |||||||| |||| 00| 0 eng d | ||
| 037 | _cGeneral Book | ||
| 040 |
_aRTL _cRTL _beng |
||
| 041 |
_2eng _aeng |
||
| 082 | _aX64.49M.N9, N9 | ||
| 110 | _aUnited Nations. Economic And Social Commission For Western Asia | ||
| 245 | 0 | _aDevelopment of financial markets in the ESCWA regi | |
| 260 |
_aNew York _bUnited Nation UK _c1999 |
||
| 300 |
_a46p _ccm. |
||
| 650 | _aMoney Markets | ||
| 700 |
_aUnited Nations. Economic And Social Commission For Western Asia _9236312 |
||
| 942 |
_hX64.49M.N9, N9 _cGB _2CC |
||
| 999 |
_c637138 _d637138 |
||